|
|
|
|
| LEADER |
01264nam a2200313 a 4500 |
| 001 |
14200659 |
| 003 |
BD-DhAAL |
| 005 |
20260106152313.0 |
| 008 |
110125s2005 it ab e b 000 0 eng d |
| 010 |
|
|
|a 2005485142
|
| 020 |
|
|
|a 8876242848
|
| 040 |
|
|
|a EXC
|c EXC
|d C3L
|d BAKER
|d DLC
|d BD-DhAAL
|
| 042 |
|
|
|a lccopycat
|
| 082 |
0 |
0 |
|a 709.607444949
|2 22
|
| 245 |
0 |
0 |
|a Arts of Africa :
|b 7000 years of African art /
|c edited by Ezio Bassani.
|
| 260 |
|
|
|a Milan :
|b Skira ;
|a Monaco :
|b Grimaldi Forum Monaco,
|c 2005.
|
| 300 |
|
|
|a 409 pages :
|b col. ill., map ;
|c 29 cm.
|
| 500 |
|
|
|a Exhibit held at the Grimaldi Forum, Monaco on July 16-September 4, 2005.
|
| 504 |
|
|
|a Includes bibliographical references (p. 408-409).
|
| 505 |
0 |
|
|a Ancient art -- African ivories -- Traditional art -- Between the fin-de-siecle and the roaring twenties.
|
| 526 |
|
|
|a ARC
|
| 541 |
1 |
|
|e 00021667
|
| 650 |
|
0 |
|a Art, African
|v Catalogs.
|9 32051
|
| 700 |
1 |
|
|a Bassani, Ezio.
|9 32052
|
| 710 |
2 |
|
|a Grimaldi Forum (Monaco, Monaco)
|9 32053
|
| 852 |
|
|
|a Ayesha Abed Library
|c General Stacks
|
| 942 |
|
|
|2 ddc
|c BK
|
| 999 |
|
|
|c 10403
|d 10403
|
| 952 |
|
|
|0 0
|1 0
|2 ddc
|4 0
|6 709_607444949000000_ART
|7 0
|9 14241
|a BRACUL
|b BRACUL
|c GEN
|d 2011-01-29
|l 0
|o 709.607444949 ART
|p 3010021667
|r 2011-01-29
|t 1
|w 2011-01-29
|y BK
|